[Event "Keres Memorial"]
[Site "Tallinn"]
[Date "1998.01.10"]
[Round "4"]
[White "Oll, Lembit"]
[Black "Wojtkiewicz, Aleksander"]
[Result "1-0"]
[WhiteElo "2645"]
[BlackElo "2535"]
[PlyCount "73"]
[EventDate "1998.01.10"]
[EventType "tourn (rapid)"]
[EventRounds "9"]
[EventCountry "EST"]
[EventCategory "12"]
[Source "ChessBase"]
[SourceDate "1998.03.09"]
[WhiteTeamCountry "EST"]
[BlackTeamCountry "CZE"]

1. e4 c5 2. Nf3 d6 3. d4 cxd4 4. Nxd4 Nf6 5. Nc3 a6 6. Be2 e5 7. Nb3 Be7 8. O-O
O-O 9. Kh1 Bd7 10. Be3 Bc6 11. Nd5 Nbd7 12. f3 Nxd5 13. exd5 Ba4 14. Qd2 h6 15.
Qb4 Bxb3 16. axb3 Qc7 17. c3 Bg5 18. Bg1 f5 19. Bd3 Rae8 20. Rae1 h5 21. Bc2 g6
22. g4 hxg4 23. fxg4 e4 24. gxf5 gxf5 25. Re2 Bh6 26. Rg2+ Kh8 27. Rg6 Kh7 28.
Rxd6 a5 29. Qa3 Ne5 30. Qc5 Qg7 31. Bd4 Rg8 32. Rg1 Qf7 33. Rxg8 Qxg8 34. Bxe5
Rxe5 35. Rxh6+ Kxh6 36. Qd6+ Qg6 37. Qxe5 1-0

[Event "Keres Memorial"]
[Site "Tallinn"]
[Date "1998.01.10"]
[Round "5"]
[White "Gaprindashvili, Nona"]
[Black "Oll, Lembit"]
[Result "0-1"]
[WhiteElo "2340"]
[BlackElo "2645"]
[PlyCount "50"]
[EventDate "1998.01.10"]
[EventType "tourn (rapid)"]
[EventRounds "9"]
[EventCountry "EST"]
[EventCategory "12"]
[Source "ChessBase"]
[SourceDate "1998.03.09"]
[WhiteTeamCountry "EST"]
[BlackTeamCountry "CZE"]

1. d4 Nf6 2. c4 c5 3. d5 e6 4. Nc3 exd5 5. cxd5 d6 6. e4 g6 7. Be2 Bg7 8. Nf3
O-O 9. O-O Na6 10. Nd2 Nc7 11. f3 b6 12. a4 Nh5 13. Nc4 Ba6 14. Be3 f5 15. Qd2
Qd7 16. Rac1 Rae8 17. Rfe1 Bxc3 18. Rxc3 fxe4 19. Bh6 Ng7 20. b3 Rf7 21. fxe4
Rxe4 22. Bf3 Rxe1+ 23. Qxe1 Nf5 24. Bg5 Nd4 25. Qg3 Rxf3 0-1

[Event "Keres Memorial"]
[Site "Tallinn"]
[Date "1998.01.11"]
[Round "7"]
[White "Oll, Lembit"]
[Black "Miezis, Normunds"]
[Result "1/2-1/2"]
[WhiteElo "2645"]
[BlackElo "2505"]
[PlyCount "137"]
[EventDate "1998.01.10"]
[EventType "tourn (rapid)"]
[EventRounds "9"]
[EventCountry "EST"]
[EventCategory "12"]
[Source "ChessBase"]
[SourceDate "1998.03.09"]
[WhiteTeamCountry "EST"]
[BlackTeamCountry "CZE"]

1. e4 c5 2. Nf3 e6 3. c3 d5 4. exd5 exd5 5. d4 Nc6 6. Be3 cxd4 7. Nxd4 Nf6 8.
Be2 Bd6 9. Nd2 O-O 10. O-O Re8 11. Re1 Bc7 12. Nf1 Bb6 13. Ng3 Bd7 14. Qd2 Ne5
15. Nc2 Bc6 16. Bxb6 Qxb6 17. Nd4 Ne4 18. Nxe4 dxe4 19. Bf1 Rad8 20. Rad1 Rd6
21. Qf4 Rf6 22. Qd2 Rg6 23. Re3 h5 24. Rg3 Rxg3 25. hxg3 Ng4 26. Qf4 e3 27.
fxe3 Qxb2 28. Nxc6 bxc6 29. Rd7 Nf6 30. Rxa7 Qxc3 31. Qd4 Qe1 32. Qf4 Qc3 33.
Qd4 Rxe3 34. Qxc3 Rxc3 35. a4 Ng4 36. a5 Rc1 37. Ra8+ Kh7 38. Re8 Ra1 39. a6 c5
40. Re7 Kg6 41. a7 c4 42. Re1 Rxa7 43. Bxc4 Ra3 44. Rf1 f6 45. Rf3 Ra1+ 46. Rf1
Rxf1+ 47. Bxf1 Kg5 48. Bd3 f5 49. Kf1 Kf6 50. Ke2 Ke5 51. Bb5 Nf6 52. Bc4 g5
53. Bf7 Kd6 54. Bg6 Ke6 55. Kf3 Ke5 56. Ke3 Ke6 57. Kf3 Ke5 58. Ke3 g4 59. Bf7
Ne4 60. Bxh5 Nxg3 61. Be8 Ne4 62. Bd7 f4+ 63. Ke2 Nf6 64. Bc8 Kd4 65. Kf2 Ke4
66. g3 f3 67. Be6 Ke5 68. Bxg4 Nxg4+ 69. Kxf3 1/2-1/2

[Event "Keres Memorial"]
[Site "Tallinn"]
[Date "1998.01.11"]
[Round "8"]
[White "Xu Jun"]
[Black "Oll, Lembit"]
[Result "0-1"]
[WhiteElo "2485"]
[BlackElo "2645"]
[PlyCount "84"]
[EventDate "1998.01.10"]
[EventType "tourn (rapid)"]
[EventRounds "9"]
[EventCountry "EST"]
[EventCategory "12"]
[Source "ChessBase"]
[SourceDate "1998.03.09"]
[WhiteTeamCountry "EST"]
[BlackTeamCountry "CZE"]

1. e4 c5 2. Nf3 d6 3. d4 cxd4 4. Nxd4 Nf6 5. Nc3 a6 6. Be3 e5 7. Nf3 Be7 8. Bc4
O-O 9. O-O Be6 10. Bb3 h6 11. Nh4 Nbd7 12. Qf3 Rc8 13. Nf5 Nc5 14. Rad1 Nxb3
15. axb3 Qd7 16. Rd2 Bxf5 17. exf5 Qc6 18. Qg3 Kh7 19. f4 Rfe8 20. fxe5 dxe5
21. h3 b5 22. Qf3 Bb4 23. Qxc6 Rxc6 24. Rd3 e4 25. Rd2 Bxc3 26. bxc3 Rxc3 27.
Bd4 Rc6 28. Re2 Nd5 29. Rfe1 f6 30. Kf2 h5 31. g3 Rec8 32. Rxe4 Rxc2+ 33. R1e2
a5 34. Kf3 a4 35. bxa4 bxa4 36. Rxc2 Rxc2 37. Re8 Rc4 38. Ba1 Rc1 39. Bd4 Rd1
40. Bc5 Rf1+ 41. Kg2 Rxf5 42. Ra8 Nc7 0-1

[Event "Keres Memorial"]
[Site "Tallinn/Parnu"]
[Date "1998.06.21"]
[Round "3"]
[White "Oll, Lembit"]
[Black "Khalifman, Alexander"]
[Result "1/2-1/2"]
[WhiteElo "2645"]
[BlackElo "2660"]
[PlyCount "37"]
[EventDate "1998.06.19"]
[EventType "tourn"]
[EventRounds "9"]
[EventCountry "EST"]
[EventCategory "15"]
[Source "ChessBase"]
[SourceDate "1998.09.30"]
[WhiteTeamCountry "EST"]
[BlackTeamCountry "CZE"]

1. Nf3 Nf6 2. c4 e6 3. d4 d5 4. g3 Be7 5. Bg2 O-O 6. O-O dxc4 7. Qc2 a6 8. Qxc4
b5 9. Qc2 Bb7 10. Bf4 Nc6 11. Rd1 Nb4 12. Qc1 Rc8 13. Nc3 Nbd5 14. Nxd5 Bxd5
15. Be3 Ng4 16. Bg5 Bxg5 17. Qxg5 Qxg5 18. Nxg5 Bxg2 19. Kxg2 1/2-1/2

[Event "Keres Memorial"]
[Site "Tallinn/Parnu"]
[Date "1998.06.22"]
[Round "4"]
[White "Short, Nigel"]
[Black "Oll, Lembit"]
[Result "1-0"]
[WhiteElo "2660"]
[BlackElo "2645"]
[Annotator "Short,N"]
[PlyCount "105"]
[EventDate "1998.06.19"]
[EventType "tourn"]
[EventRounds "9"]
[EventCountry "EST"]
[EventCategory "15"]
[Source "ChessBase"]
[SourceDate "1998.09.30"]
[WhiteTeamCountry "EST"]
[BlackTeamCountry "CZE"]

1. e4 {Bangiev} c5 2. Nc3 d6 3. f4 Nc6 4. Nf3 g6 5. Bc4 Bg7 6. O-O e6 7. d3
Nge7 8. Qe1 {The Grand Prix attack is a familiar site on the English club
scene and weekend circuit where it has been chalking up scores of victories
since the 1970's. Apparently it is less familiar and less respected by those
schooled in the former Soviet Union.} O-O $2 {Walking straight into trouble. I
was somewhat surprised to see a highly respected theoretician like Lembit Oll
allow the following attack. As he explained afterwards "Once I look at a
variation, I never forget it. It is just that I had never studied this line."
This was no idle boast; his memory is truly prodigious.} 9. f5 $1 d5 (9... exf5
10. Qh4 {leads to a ferocious assault on the Black king position.}) 10. Bb3 c4
11. dxc4 d4 (11... dxe4 12. f6 $1 {is also highly advantageous for White.}) 12.
f6 $1 Bxf6 13. e5 {Clearing the e4 square with gain of tempo.} Bg7 (13... Bxe5
{Bangiev} 14. Nxe5 dxc3 15. Qxc3 Nxe5 16. Qxe5 Nf5 17. Bf4 f6 18. Qc3 Qd4+ 19.
Qxd4 Nxd4 20. Bh6 Nxb3 21. Rad1 Na5 22. Bxf8 Kxf8 23. Rxf6+ Ke7 24. Rdf1 Nxc4
25. Rf7+ Kd6 26. Rxh7 b5 27. b3 Ne3 28. Rf6 Bd7 29. Rxg6 Bc6 30. Rh3 Nxc2 31.
Rc3 Nb4 32. h4 Rh8 33. Rh3 Nd5 34. Rg4 Nf6 35. Rg6 Nd5 36. Rg4 Nf6 37. Rg6 {
1/2-1/2 Khalifman,A-Savon,V/Tal-mem 1992}) 14. Ne4 (14. Nb5 {Bangiev} Nf5 15.
c5 b6 16. Ng5 Nce7 17. g4 Ne3 18. Bxe3 dxe3 19. Qxe3 Ba6 20. a4 Qd7 21. cxb6
Bxb5 22. axb5 Qxb5 23. bxa7 Nd5 24. Bxd5 Qxd5 25. Rfd1 Qc4 26. h3 Qxc2 27. b4
Qc6 28. Rdb1 Qd5 29. b5 Rfd8 30. b6 Rd7 31. Rd1 Qb7 32. Rxd7 Qxd7 33. Qe4 {
1-0  Petuchovskis,E- Naidich,A/WchJ-U10 Szeged 1994}) 14... Nxe5 (14... h6 {
Bangiev} 15. g4 g5 16. Bxg5 hxg5 17. Nfxg5 Ng6 18. Nf6+ Bxf6 19. exf6 Qa5 20.
Qc1 Qe5 21. Rf3 d3 22. Ne4 Nd4 23. Qh6 Nxf3+ 24. Kf1 {
0-1  Higatsberger,M- Micheli,C/Velden op 1996}) 15. Nxe5 Bxe5 16. Bg5 {
The pressure is immense. 17.Nf6+ is threatened.} f5 17. Qh4 Rf7 {#} 18. Nf6+ {
The simplest continuation granting White a clear plus. However} (18. c5 $5 {
was also well worth a punt.}) 18... Bxf6 (18... Kh8 {Bangiev} 19. Rae1 Qa5 20.
Ng4 Bg7 21. Bxe7 Qc7 22. Bd8 Qc5 23. Nf6 h6 24. Ne4 Qf8 25. Ng5 Rf6 26. c5 Bd7
27. Bc7 Qxc5 28. Be5 {1-0  Mitkov,N- Stefansson,H/Hartberg op 1991}) 19. Bxf6
Qf8 $1 20. Bxd4 Nc6 21. Be3 {/\c5} (21. Bc3 Qc5+ 22. Kh1 (22. Qf2 {Bangiev}
Qxf2+ 23. Rxf2 b6 24. Re1 Re7 $14) 22... e5 {was less clear.}) (21. Rae1 {
Bangiev} Nxd4 22. Qxd4 b6 $5) 21... Qe7 (21... b6 {Bangiev} 22. c5 $1 bxc5 23.
Qc4 Nd4 24. Bxd4 cxd4 25. Qxd4 $16) 22. Qxe7 Rxe7 23. c5 $2 (23. Bg5 $1 Re8 24.
Rad1 e5 25. c5+ Be6 26. Rd7 {with a large advantage.}) 23... Kg7 $2 {
Missing his chance to escape with} (23... Na5 24. Rad1 Nxb3 25. Rd8+ Kf7 26.
cxb3 Rd7 27. Rd1 Rxd1+ 28. Rxd1 Ke8 $1 {when a draw looks likely.}) 24. Bg5 Re8
25. Rad1 h6 26. Bd2 $1 e5 27. Bc3 Be6 {
Losing a pawn but necesssary all the same.} (27... Kf6 {Bangiev} 28. Rd6+ Be6
29. Bd5 (29. Bxe6 Rxe6 30. Rd7 Re7 $11) 29... Rac8 30. Re1 $16) 28. Bxe6 Rxe6
29. Rd7+ Re7 30. Rxe7+ Nxe7 31. Bxe5+ Kf7 32. Rd1 Nc6 33. Bc7 Re8 34. Kf2 Re7
35. Bd6 Re4 36. c3 a5 37. b3 a4 38. Bc7 $1 (38. b4 Na7 $1 {
would have muddied the waters too much for my liking.}) 38... Re7 39. Bb6 axb3
40. axb3 f4 (40... Ne5 $142 {Bangiev} 41. h3 g5) 41. b4 Ne5 42. Bd8 $1 Re8 43.
Bc7 Kf6 44. Bxe5+ Rxe5 45. Rd7 {
The endgame is won. A little precision is still required though.} Re3 46. c4 $1
Rc3 47. Rxb7 Rxc4 48. Ke2 Rc2+ 49. Kd3 Rxg2 50. c6 Ke6 51. b5 {
The pawns are unstoppable.} f3 52. c7 Kd7 53. b6 {And Black resigned.} 1-0

[Event "Keres Memorial"]
[Site "Tallinn/Parnu"]
[Date "1998.06.25"]
[Round "5"]
[White "Oll, Lembit"]
[Black "Ehlvest, Jaan"]
[Result "1-0"]
[WhiteElo "2645"]
[BlackElo "2610"]
[Annotator "Gofshtein,L"]
[PlyCount "83"]
[EventDate "1998.06.19"]
[EventType "tourn"]
[EventRounds "9"]
[EventCountry "EST"]
[EventCategory "15"]
[Source "ChessBase"]
[SourceDate "1998.09.30"]
[WhiteTeamCountry "EST"]
[BlackTeamCountry "CZE"]

1. e4 {Tyomkin,D} c5 2. Nf3 d6 3. d4 cxd4 4. Nxd4 Nf6 5. Nc3 Nc6 6. Bg5 e6 7.
Qd2 a6 8. O-O-O Bd7 9. f4 b5 10. Nf3 b4 11. Bxf6 Qxf6 12. Ne2 Qd8 (12... Ra7
13. Qe3 Qd8 14. Ned4 Qb6 15. Bc4 Be7 16. Rhe1 O-O 17. Kb1 Nxd4 18. Nxd4 Rc8 19.
b3 (19. Nf5 Qxe3 20. Nxe7+ Kf8 21. Nxc8 Qxe1 22. Rxe1 Bxc8 $11) 19... Qc5 $11 {
Polgar,J-Ermenkov,E/Budapest zt-A 1993/1/2-1/2(58)}) 13. Ned4 $146 (13. f5 Be7
14. Nf4 O-O 15. fxe6 (15. e5 Nxe5 16. Nxe5 dxe5 17. Qxd7 Qxd7 18. Rxd7 Bg5 19.
Kb1 Bxf4 20. fxe6 fxe6 21. Bc4 $11 {
Polgar,J-Ivanchuk,V/Roquebrune rapid 1992/1/2-1/2(60)}) 15... fxe6 16. Bc4 Qc8
17. Rhe1 Na5 18. Bd3 Nc4 19. Bxc4 (19. Qxb4 $2 Nxb2 $1) 19... Qxc4 20. b3 Qc5
21. Nd3 Qa5 22. Kb1 Rab8 23. Nb2 Rfc8 24. Nc4 Qc7 25. Nxd6 $11 {
Romero Holmes,A-Garcia Ilundain,D/ESP-ch 1993/1/2-1/2(30)}) 13... Qb6 14. f5
Nxd4 15. Nxd4 Rc8 (15... e5 $6 16. Nf3 Qc5 17. b3 Bb5 18. Kb1 Be7 19. g4 $14) (
15... Qc5 16. fxe6 fxe6 17. Nb3 Qb6 18. Bc4 $16) 16. fxe6 fxe6 17. Be2 Rc5 $5
18. Bg4 Re5 19. Qd3 h5 20. Bh3 (20. Qh3 $6 Rh6 $132) 20... Rh6 21. Kb1 a5 (
21... g5 $5 22. Nf3 (22. g3 Rf6 $13) 22... Rc5 23. g4 $8 h4 (23... Rc3 $5 24.
Qe2 Qe3 25. Qxe3 Rxe3 26. Rd3 hxg4 $1 27. Bxg4 (27. Rxe3 Rxh3 $19) 27... Rxe4
28. Rg1 Be7 $17) 24. Qd2 Be7 $132) 22. Rhe1 a4 23. Nf3 Ra5 24. e5 d5 (24... Rd5
$5 25. Qe2 Rxd1+ 26. Rxd1 d5 $13) 25. Nd4 Be7 26. Rf1 g5 27. Qd2 {Preventing g4
} Rc5 28. Rf3 Rc4 29. Rd3 Rh8 30. g4 h4 $15 31. Nf5 Rf4 $2 (31... exf5 $5 32.
gxf5 (32. Rxd5 Bc6 33. gxf5 Bxd5 34. Qxd5 Qc6 35. Qxc6+ Rxc6 36. f6 Rc7 $17)
32... g4 $1 33. e6 (33. Rxd5 Bxf5 $8 $19) 33... Bxe6 (33... gxh3 34. exd7+ Kxd7
35. Rxd5+ Kc8 36. Rd7 $36) 34. fxe6 gxh3 35. Rxd5 $44) 32. Ng7+ Kd8 $4 (32...
Kf8 $142 33. Nh5 Rf2 34. Rf1 Rxf1+ 35. Bxf1 Qg1 36. Rf3+ Ke8 37. Nf6+ Kd8 38.
Qxg5 $16) 33. Rxd5 $3 exd5 34. Qxd5 $18 Bd6 $8 35. exd6 Kc8 36. Bg2 Qa7 37. Nf5
Rxg4 ({Doesn't help} 37... Kb8 38. Ne7 h3 39. Be4 $18) 38. Ne7+ Kd8 (38... Kb8
39. Nc6+ Bxc6 40. Qxc6 Rxg2 $8 41. Qxg2 $18) 39. Qe5 Re8 (39... Rf8 40. Qg7 Qf2
$8 41. Nc6+ Kc8 42. Ne5 $18) 40. Nc6+ Bxc6 41. Qf6+ Kc8 42. Bxc6 1-0

[Event "Keres Memorial"]
[Site "Tallinn/Parnu"]
[Date "1998.06.26"]
[Round "6"]
[White "Morovic Fernandez, Ivan"]
[Black "Oll, Lembit"]
[Result "1/2-1/2"]
[WhiteElo "2600"]
[BlackElo "2645"]
[PlyCount "39"]
[EventDate "1998.06.19"]
[EventType "tourn"]
[EventRounds "9"]
[EventCountry "EST"]
[EventCategory "15"]
[Source "ChessBase"]
[SourceDate "1998.09.30"]
[WhiteTeamCountry "EST"]
[BlackTeamCountry "CZE"]

1. d4 d5 2. c4 e6 3. Nf3 Nf6 4. Nc3 Nbd7 5. Bg5 c6 6. cxd5 exd5 7. e3 Be7 8.
Bd3 Ne4 9. Bf4 Ndf6 10. Qc2 Bf5 11. O-O Bg6 12. h3 O-O 13. Ne5 Nxc3 14. bxc3
Bxd3 15. Qxd3 Rc8 16. Rab1 b5 17. a4 a6 18. Ra1 Ne4 19. axb5 axb5 20. Ra6
1/2-1/2

[Event "Keres Memorial"]
[Site "Tallinn/Parnu"]
[Date "1998.06.27"]
[Round "7"]
[White "Oll, Lembit"]
[Black "Andersson, Ulf"]
[Result "1/2-1/2"]
[WhiteElo "2645"]
[BlackElo "2635"]
[PlyCount "37"]
[EventDate "1998.06.19"]
[EventType "tourn"]
[EventRounds "9"]
[EventCountry "EST"]
[EventCategory "15"]
[Source "ChessBase"]
[SourceDate "1998.09.30"]
[WhiteTeamCountry "EST"]
[BlackTeamCountry "CZE"]

1. e4 e6 2. d4 d5 3. Nd2 c5 4. Ngf3 Nc6 5. exd5 exd5 6. Bb5 Bd6 7. dxc5 Bxc5 8.
O-O Nge7 9. Nb3 Bd6 10. Re1 h6 11. Bxc6+ bxc6 12. Qd4 O-O 13. Bf4 Nf5 14. Qa4
Be6 15. Bxd6 Qxd6 16. Qa5 Rfb8 17. Rad1 Rb5 18. Qd2 c5 19. Qe2 1/2-1/2

[Event "Keres Memorial"]
[Site "Tallinn/Parnu"]
[Date "1998.06.28"]
[Round "8"]
[White "Lautier, Joel"]
[Black "Oll, Lembit"]
[Result "1-0"]
[WhiteElo "2645"]
[BlackElo "2645"]
[Annotator "Hansen,Cu"]
[PlyCount "85"]
[EventDate "1998.06.19"]
[EventType "tourn"]
[EventRounds "9"]
[EventCountry "EST"]
[EventCategory "15"]
[Source "ChessBase"]
[SourceDate "1998.09.30"]
[WhiteTeamCountry "EST"]
[BlackTeamCountry "CZE"]

1. d4 {Lautier} d5 2. c4 e6 3. Nc3 Nf6 4. cxd5 exd5 5. Bg5 c6 6. e3 Be7 7. Bd3
Nbd7 8. Nge2 O-O 9. Qc2 Re8 10. O-O Nf8 11. f3 {In the Exchange Variation of
the Queens Gambit white can choose between two setups in connection with short
castle. Either he can play Ng1-f3 and try to gain a positional advantage by
attacking whites Q-side with b2-b4-b5. This is/was preferred by for instance
Anatoli Karpov.  Or he can - as in this game - place Ng1 on e2, and try to
build up a dynamic and strong pawn-center with f2-f3 and e3-e4. This setup has
been used by Michail Botvinnik and Garry Kasparov.} Be6 (11... Ng6 {
This is the normal continuation. White could now play either 12.Rad1 or 12.e4})
12. Rad1 (12. e4 dxe4 13. fxe4 Ng6 {
would by transposition lead back to a line from the variation 11. - Ng6}) 12...
Rc8 {If whites Ne2 was on f3 black would never think about playing c6-c5
because of the weak isolated d5-P after d4xc5.  However after white has played
f2-f3, in case of d4xc5 his e3-P would often be just as weak as blacks d5-P}
13. Kh1 $146 {Timman} (13. e4 {Lautier} dxe4 14. fxe4 Ng4 15. Bxe7 (15. Bc1 Bg5
$132 {/\Ne3}) 15... Qxe7 16. Qd2 (16. Rf3 c5 17. d5 c4 18. dxe6 Nxe6 $15) 16...
c5 17. d5 Bd7 $11 {/\Qd6,Ng6}) 13... h6 {>< g6} (13... c5 {Lautier} 14. dxc5 (
14. Bb5 N8d7) 14... Rxc5 (14... Bxc5 $6 15. e4 dxe4 16. fxe4 $16 {/\e4-e5}) 15.
Bb5 (15. Qa4 a6 16. Bb1 $14 {/\Qd4}) 15... Bd7 (15... N8d7 {/\d5-d4} 16. Nd4 (
16. Nf4 a6 17. Bxd7 Qxd7 18. e4 d4 19. Bxf6 Bxf6 $15) 16... a6 $14) 16. Bxd7
N8xd7 (16... Qxd7 17. e4 $16) 17. Qb3 $14 {/\Nf4}) (13... Ng6 $142 {Lautier})
14. Bh4 (14. Bxf6 $6 {Lautier} Bxf6 15. e4 dxe4 16. fxe4 Bxd4 $1 $15) 14... a6
{/\ c6-c5 ><b5 Black wants to control b5 before he plays c6-c5} (14... c5 15.
Bb5 $14) 15. Nf4 (15. Bxf6 $5 {Lautier} Bxf6 16. e4 dxe4 17. fxe4 Bxd4 18. Bxa6
bxa6 19. Nxd4 Qa5 20. Nxe6 Rxe6 (20... Nxe6 21. Rd7 $14) 21. Rf5 $14) 15... Bd7
(15... c5 16. dxc5 Rxc5 17. Qb1 $14) 16. Bf2 (16. Bg3 {Lautier} Ne6 17. Nxe6
Bxe6 18. e4 Nh5 19. e5 (19. Bf2 Nf4 $11) 19... Nxg3+ 20. hxg3 c5 $132) 16...
Bd6 (16... Ne6 $142 {Lautier} 17. Nxe6 Bxe6 18. e4 c5 (18... dxe4 19. fxe4 Ng4
20. d5 cxd5 (20... Nxf2+ $2 21. Qxf2 $18 {><f7}) (20... Bd7 21. Bg1 $14 (21.
dxc6 Rxc6 22. Bg1 Ne5 $11) (21. Bc4 Nxf2+ 22. Qxf2 Bf6 23. d6 b5 24. Bb3 b4 25.
Na4 Rxe4 26. Nc5 Re5 $11)) 21. exd5 Bd7 22. Bh7+ (22. d6 Bf6 23. Bg1 Ne3 $11) (
22. Bg1 {/\Bh7+;><f7} Bf6 $14) 22... Kh8 23. Bd4 $14 Qc7 $140 $2 24. Bxg7+ $1
Kxg7 25. Rxf7+ Kh8 26. d6 Bxd6 27. Qg6 $18) 19. dxc5 (19. exd5 Nxd5 20. dxc5
Bxc5 21. Be4 Bb4 $11) 19... Bxc5 20. e5 Nd7 21. f4 $14) 17. Qd2 {White has deci
ded on a slow buildup. First he wants to place his forces in the best possible
way. Only then does he intend to play e3-e4. His would probably have to find a
more suitable square for Nf4 before e3-e4 is powerful} Qc7 (17... Bxf4 {Lautier
} 18. exf4 {/\f5,g4} Ne6 19. f5 $36) 18. Bg1 {>< h2} b5 $6 {White is playing
slowly so black thinks it is time to become active. However the move played is
positionally very risky. If white plays e3-e4 then the gain of space on the
Q-side in connection with b5-b4 and maybe c6-c5 could be very useful. However
if white does not play e3-e4 the weakness of the square c5 can only be covered
in connection with c6-c5 - creating a isolated d5-P.} (18... Bxf4 $6 {Lautier}
19. exf4 Ne6 20. f5 Nf4 21. Bb1 Re7 22. Be3 $36) (18... Ne6 {Lautier} 19. Nxe6
(19. Nfe2 $6 Ng5 {><e4}) 19... Bxe6 20. e4 Bf4 21. Qc2 (21. Qf2 $5) 21... dxe4
22. fxe4 Bg4 23. Rde1 $36) (18... Re7 $142 {Lautier} 19. Nfe2 {/\e4} c5 $6 (
19... b5 20. e4 b4 21. e5 Bxe5 (21... bxc3 22. Nxc3 Bxe5 23. dxe5) 22. dxe5
bxc3 23. Nxc3 Rxe5 24. Bd4 Re6 25. Bxa6 $16) (19... Rce8 20. e4 dxe4 21. fxe4
Nxe4 22. Nxe4 Rxe4 23. Bxe4 Rxe4 24. d5 Bg4 25. Nc3 Re7 26. Rde1 $14) 20. e4 $1
(20. dxc5 Bxc5 21. Nd4 Ng6 $14) 20... cxd4 (20... dxe4 21. fxe4 cxd4 22. Bxd4
Be5 23. Rxf6 gxf6 24. Nd5 Qd8 25. Nxe7+ Qxe7 26. Qxh6 $16) 21. Bxd4 (21. Nxd5
Nxd5 22. exd5 Re5 23. Be4 f5 24. Bxd4 fxe4 25. Bxe5 Bxe5 26. fxe4 Qc4 $132)
21... N8h7 (21... dxe4 22. fxe4 {A2)}) 22. exd5 $16 Bxh2 23. Bxh7+ Kxh7 (23...
Nxh7 24. f4 $18) 24. Bxf6 gxf6 25. d6 $18) 19. Bb1 $1 {
/\ Nd3, >< c5 Now Nf4 can go to the ideal square d3} Rcd8 (19... Ne6 $142 {
Lautier} 20. Nd3 (20. Nxe6 Rxe6 $14) 20... Ng5) 20. Rc1 (20. Nd3 {Lautier} Bf5)
20... Qb8 (20... Qb6 $142 {Lautier} 21. e4 $5 (21. Nd3 Bf5 $1) (21. Nce2 $36)
21... b4 22. Na4 Qb5 23. e5 Qxa4 24. exf6 $36) 21. Nce2 (21. Nd3 $6 {Lautier}
Bf5 $1) 21... b4 (21... Re7 $142 {Lautier}) 22. Nd3 Ne6 23. Bf2 $1 {/\ Bg3; ><
c5 Again a very nice move. White wants to exchange black-squared bishops after
which whites control over  c5 will increase} a5 (23... Qb6 24. Bg3 Bf8 $14 {
/+/- would have made some sence as Bf8 controls c5 and Bg3 does not. However
blacks position would still have been ratherpassive}) (23... Bxh2 $6 {Lautier}
24. Nxb4 {/\N:c6} (24. g3 $2 Ng5 $17 25. Ne1 $2 Bh3 $19) 24... Qd6 25. Nxa6 $16
{><h2}) 24. Bg3 Rc8 (24... Re7 {Lautier} 25. Ne5 Rc8 26. e4 Nh5 27. Bh4 $16)
25. Nc5 (25. Be5 $5 {Lautier /\Ne2-g3-f5} Bxe5 26. dxe5 Nh7 27. f4 Nhf8 (27...
Qb6 28. f5 Neg5 29. Nc5 Rcd8 30. Nxd7 Rxd7 31. h4 $18) 28. Nd4 $36) 25... Nxc5
26. Rxc5 Re7 {>< e3} 27. Bxd6 (27. Rxa5 $2 {Lautier} Rce8 $132 28. Bf2 $2 Qb6 (
28... Bxh2 $2 29. g3 $16) 29. Ra4 c5 $17) 27... Qxd6 {White has full control
over c5, however he must be  careful not to allow black to much counterplay
against the P on e3} 28. Ng3 Rce8 29. Re1 (29. e4 $2 {Lautier} dxe4 30. fxe4
Nxe4 31. Nxe4 Rxe4 32. Bxe4 Rxe4 $11) 29... Qf4 $2 {
Black initiates complications that are clearly to whites advantage.} (29... Qc7
$142 $14) 30. Ne4 $1 (30. Nf1 $1 {Lautier} Qc7 31. Rec1 (31. a3 Rb8 $132) 31...
h5 32. Bc2 h4 33. Ba4 Re6 34. Qc2 Rc8 35. Qf2 $16) 30... Nxe4 (30... Qh4 {
Lautier} 31. Nxf6+ (31. Nd6 $16) 31... Qxf6 32. Rxa5 Qf4 33. Ra8 $1 $16) 31.
fxe4 Qd6 32. Rxa5 (32. e5 $2 {Lautier} Rxe5) (32. exd5 $1 {Lautier} cxd5 33.
Rxa5 $16 Qf4 34. Ra8 $1 (34. Qc2 $2 g6)) 32... dxe4 33. Rc5 $16 Re5 (33... Rb8
$142 34. Bc2) 34. Rec1 (34. Qxb4 $2 {Lautier} Rh5 $1 $40) 34... Rxc5 35. Rxc5
f5 36. g3 (36. Qxb4 {Lautier} f4 37. Qc3 f3 $132) 36... g5 $2 (36... Rb8 $8 37.
Bc2 $16 (37. Bc2 Be6 38. Bb3 Bxb3 39. axb3 Rb5 $1 $14)) (36... f4 $6 {Lautier}
37. gxf4 Bg4 38. Kg1 $1 $16) 37. Qxb4 $18 Be6 (37... f4 $4 {Lautier} 38. Rxg5+
$18) 38. Bc2 (38. Bxe4 $6 {Lautier} Bf7 $1 (38... fxe4 39. Rxg5+ $18) (38...
Rb8 $2 39. Qa3 $1 $18) 39. Bxf5 Rxe3 $132) 38... Bd5 39. Bb3 f4 40. Qb6 Bxb3
41. Rxc6 Qf8 (41... Qd5 {Lautier} 42. Rg6+ Kf8 43. axb3 fxe3 44. Rxh6 $18) 42.
Qxb3+ Kh8 43. Qb6 (43. Qb6 Kh7 44. Rc7+ Re7 (44... Kh8 45. Qg6 $18) 45. Qd6 $18
) 1-0